| 000 | 00837nam a2200229 i 4500 | ||
|---|---|---|---|
| 001 | 8299 | ||
| 003 | ES-MaACL | ||
| 005 | 20250811073240.0 | ||
| 007 | t| | ||
| 008 | 920430s1989 sp ||||1| spa d | ||
| 020 | _a84-505-8993-2 | ||
| 080 | _a351.75(464.1)"16" | ||
| 100 | 1 |
_aSánchez Gómez, Rosa Isabel. _9102682 |
|
| 245 | 1 | 0 |
_aEstudio institucional de la Sala de Alcaldes de Casa y Corte durante el reinado de Carlos II / _cRosa Isabel Sánchez Gómez. |
| 260 |
_aMadrid : _bSecretaría General Técnica del Ministerio del Interior, _cD.L. 1989. |
||
| 300 |
_a145 p. ; _c24 cm. |
||
| 610 | 1 | 7 |
_aMadrid. _bSala de Alcaldes de Casa y Corte. _95631 |
| 650 |
_aOrden público- _zMadrid. _9175839 |
||
| 710 | 1 |
_aEspaña. _bMinisterio del Interior _93941 |
|
| 852 |
_aES-MaACL _jL-15677 _bR.120075 |
||
| 999 |
_c8299 _d8299 |
||